000 00593cam a22002053a 4500
001 45397
003 PGUSA
005 20140828084041.0
008 140414s2014||||xxu|||||s|||||000 | eng d
040 _aPGUSA
_beng
042 _adc
100 1 _aEric, Allan
245 1 2 _aA Boy Crusoe ;
_bor, The Golden Treasure of the Virgin Islands
_h[electronic resource] /
_cAllan Eric
260 _bProject Gutenberg,
_c2014
506 _aPublic domain in the USA.
516 _aElectronic text
830 0 _aProject Gutenberg
_v45397
856 4 0 _uhttp://www.gutenberg.org/ebooks/45397
942 _cEB
999 _c274648
_d274648